Detalles MARC
| 000 -CABECERA |
| campo de control de longitud fija |
00930nam a22002297a 4500 |
| 008 - DATOS DE LONGITUD FIJA--INFORMACIÓN GENERAL |
| campo de control de longitud fija |
260627b mx ||||| |||| 00| 0 spa d |
| 040 ## - FUENTE DE LA CATALOGACIÓN |
| Centro catalogador/agencia de origen |
BPGM |
| Lengua de catalogación |
SPA |
| 041 ## - CÓDIGO DE LENGUA |
| Código de lengua del texto/banda sonora o título independiente |
SPA |
| Código de lengua original |
SPA |
| 082 04 - NÚMERO DE LA CLASIFICACIÓN DECIMAL DEWEY |
| Número de clasificación |
CQ / 720.97245 |
| Número de documento/Ítem |
B64 |
| 100 ## - ENTRADA PRINCIPAL--NOMBRE DE PERSONA |
| Nombre de persona |
BOILS MORALES, GUILLERMO |
| Títulos y otros términos asociados al nombre |
AUTOR |
| 245 ## - MENCIÓN DE TÍTULO |
| Título |
ARQUITECTURA Y SOCIEDAD EN QUERÉTARO |
| Resto del título |
(SIGO XVIII) |
| 260 ## - PUBLICACIÓN, DISTRIBUCIÓN, ETC. |
| Lugar de publicación, distribución, etc. |
MÉXICO |
| Nombre del editor, distribuidor, etc. |
TALLERES GRÁFICOS DEL GOBIERNO DEL ESTADO |
| Fecha de publicación, distribución, etc. |
1994 |
| 300 ## - DESCRIPCIÓN FÍSICA |
| Extensión |
225 PÁGINAS |
| Otras características físicas |
27.1 CM X 21.3 CM |
| 336 ## - TIPO DE CONTENIDO |
| Fuente |
rdacontent |
| Término de tipo de contenido |
texto |
| Código de tipo de contenido |
txt |
| 337 ## - TIPO DE MEDIO |
| Fuente |
rdamedia |
| Nombre/término del tipo de medio |
sin mediación |
| Código del tipo de medio |
n |
| 338 ## - TIPO DE SOPORTE |
| Fuente |
rdacarrier |
| Nombre/término del tipo de soporte |
volumen |
| Código del tipo de soporte |
nc |
| 505 ## - NOTA DE CONTENIDO CON FORMATO |
| Nota de contenido con formato |
EXPLORA CÓMO EL ESPLENDOR CONSTRUCTIVO DE LA CIUDAD REFLEJA LA PROFUNDA ESTRUCTURA DE CLASES, LA ECONOMÍA COLONIAL Y LA FUERTE INFLUENCIA DEL MESTIZAJE CULTURAL DURANTE LA ÉPOCA VIRREINAL. |
| 650 ## - PUNTO DE ACCESO ADICIONAL DE MATERIA--TÉRMINO DE MATERIA |
| Fuente del encabezamiento o término |
LAS ARTES BELLAS ARTES Y ARTES DECORATIVAS |
| 650 ## - PUNTO DE ACCESO ADICIONAL DE MATERIA--TÉRMINO DE MATERIA |
| Fuente del encabezamiento o término |
ARQUITECTURA |
| 700 ## - PUNTO DE ACCESO ADICIONAL--NOMBRE DE PERSONA |
| Nombre de persona |
BOILS MORALES GUILLERMO |
| Término indicativo de función/relación |
FOTOGRAFO |
| 942 ## - ELEMENTOS DE PUNTO DE ACCESO ADICIONAL (KOHA) |
| Fuente del sistema de clasificación o colocación |
Dewey Decimal Classification |
| Tipo de ítem Koha |
Colección Querétaro |